000 00768nam a2200121 4500
999 _c17025
_d17025
082 _a398.209597
_bL 560 n
245 _aLưu nữ tướng truyện
_cVũ Quang Dũng tuyển chọn, giới thiệu
260 _aH
_bHội nhà văn
_c2024
300 _a234tr.
_c21cm
520 _aTuyển chọn các ấn phầm, tác phẩm văn học nghệ thuật được nghiên cứu, khảo sát, sưu tầm của các nhà nghiên cứu dân tộc học, nhân học, văn hoá học, sử học,...đã có để tổng hợp, sáng tạo và xây dựng thành hệ thống tư liệu đảm bảo tính tiện ích cho việc tra cứu, nghiên cứu và khẳng định giá trị bền vững.
653 _aVăn học dân gian
_aTruyện Nôm
_aViệt Nam
942 _2ddc
_cSH